[Event "CZE-chT 9495"]
[Site "?"]
[Date "1995.??.??"]
[Round "7"]
[White "Pribyl, Josef"]
[Black "David, Pavel"]
[Result "1/2-1/2"]
[WhiteElo "2390"]
[BlackElo "2445"]

1.d4 Nf6 2.c4 g6 3.Nc3 d5 4.cxd5 Nxd5 5.e4 Nxc3 6.bxc3 Bg7 7.Bc4 c5 8.Ne2 O-O
9.O-O Nc6 10.Be3 Bg4 11.f3 Bd7 12.Rb1 Qc7 13.dxc5 Rfd8 14.Qe1 Na5 15.Bb3 e6
16.Qf2 Bb5 17.Rfd1 Bd3 18.Rbc1 Bc4 19.Nd4 Bf8 20.f4  1/2-1/2

[Event "Decin op"]
[Site "Decin"]
[Date "1995.??.??"]
[Round "2"]
[White "Horak, Jiri"]
[Black "Hlavac, Rudolf"]
[Result "1-0"]
[WhiteElo "2270"]
[BlackElo "2140"]

1.d4 Nf6 2.c4 g6 3.Nc3 d5 4.cxd5 Nxd5 5.e4 Nxc3 6.bxc3 Bg7 7.Bb5+ c6 8.Bc4 b5
9.Bb3 b4 10.Bb2 bxc3 11.Bxc3 O-O 12.h4 Nd7 13.h5 c5 14.hxg6 hxg6 15.Qg4 Qb6
16.Qh4 Re8 17.Qh7+ Kf8 18.Nf3 cxd4 19.Bxd4 Qb4+ 20.Kf1 e5 21.Be3 Nf6 22.Qh4 Qxe4
23.Bc5+ Kg8 24.Bxf7+  1-0

[Event "Arabian ch"]
[Site "Dubai"]
[Date "1995.??.??"]
[Round "?"]
[White "Othman, A Moussa"]
[Black "Henni, Mohamed"]
[Result "1/2-1/2"]
[WhiteElo "2185"]
[BlackElo "2225"]

1.d4 Nf6 2.c4 g6 3.Nc3 d5 4.cxd5 Nxd5 5.e4 Nxc3 6.bxc3 Bg7 7.Bb5+ c6 8.Ba4 O-O
9.Ne2 b5 10.Bb3 Bb7 11.O-O c5 12.f3 cxd4 13.cxd4 Nc6 14.Be3 Na5 15.Rb1 e6
16.Qd2 a6 17.Rfd1 Nxb3 18.Rxb3 Qd7 19.Rdb1 f5 20.exf5 Rxf5 21.Ng3 Rf7 22.Ne4 Bd5
23.Nc5 Qc6 24.Rc3 Bc4 25.Qf2 Qd5 26.Rc2 Rff8 27.Rd2 Rfc8 28.Re1 Qf5 29.Ne4 Rc6
30.Ng3 Qd5 31.Ne4 a5 32.Qh4 Rf8 33.Bh6 Qd7 34.Nc5 Qd8 35.Qxd8 Rxd8 36.Bxg7 Kxg7
37.Nb7 Ra8 38.Nc5 b4 39.Rc1 Bd5 40.Kf2 g5 41.Re1 h6 42.Re3 Kf7 43.Ke2 a4
44.a3 Rb6 45.Rb2 Rb5 46.Kd2 Bc4 47.Kc2 e5 48.Rxe5 bxa3 49.Rxb5 Bxb5 50.Ne4 Bf1
51.Kb1 Bxg2 52.Ka2 Kg8 53.Nxg5 Bf1 54.Ne4 Bd3 55.Kxa3 Bc2 56.Rc5 Bd1 57.Nd2 Re8
58.Rc1 Re3+ 59.Kb4 Bxf3 60.Nxf3 Rxf3 61.Rd1 a3 62.Kc5 a2 63.d5 Kf7 64.Kc6 Ra3
65.Ra1 Ke7 66.Kc5 Rc3+ 67.Kb4 Rc2 68.h3 Rh2 69.Kb3 Kd6 70.Rxa2 Rxh3+ 71.Kc4 Rh4+
72.Kd3 Kxd5 73.Ra5+ Ke6 74.Ke3 Kf6 75.Kf3 Rb4 76.Kg3 Rb6  1/2-1/2

[Event "Dublin"]
[Site "Dublin"]
[Date "1995.??.??"]
[Round "6"]
[White "Joyce, John"]
[Black "Littlewood, John Eric"]
[Result "0-1"]
[WhiteElo "2205"]
[BlackElo "2310"]

1.d4 g6 2.c4 Nf6 3.Nc3 d5 4.cxd5 Nxd5 5.e4 Nxc3 6.bxc3 Bg7 7.Bc4 O-O 8.Ne2 b6
9.h4 Nc6 10.Bd5 Bb7 11.h5 e6 12.Bb3 Na5 13.Bc2 e5 14.Qd3 Re8 15.hxg6 fxg6
16.Qh3 h5 17.d5 Qc8 18.Qg3 Qg4 19.Qxg4 hxg4 20.Rh4 Bc8 21.Ba4 Rf8 22.Ba3 Bf6
23.Bxf8 Bxh4 24.Bb4 Nc4 25.Bb5 Nd6 26.Bxd6 cxd6 27.c4 a6 28.Bc6 Ra7 29.Rb1 Rf7
30.g3 Bd8 31.Nc3 b5 32.Nd1 b4 33.Ke2 a5 34.Rb3 Bb6 35.a3 Bc5 36.a4 Kf8 37.Rb1 Rf3
38.Ne3 Bd4 39.Rh1 Kg7 40.Rb1 Kf6 41.Rb3 Ke7 42.Rd3 Kd8 43.Rb3 Kc7 44.Rd3 Kb6
45.Bb5 Kc5 46.Nd1 b3  0-1

[Event "Nord Cup 1st"]
[Site "Duesseldorf"]
[Date "1995.??.??"]
[Round "1"]
[White "Kistella, Roman"]
[Black "Gehrlach, Stefan"]
[Result "1-0"]
[WhiteElo "2280"]
[BlackElo "1720"]

1.d4 Nf6 2.c4 g6 3.Nc3 d5 4.cxd5 Nxd5 5.e4 Nxc3 6.bxc3 Bg7 7.Nf3 c5 8.Rb1 O-O
9.Be2 cxd4 10.cxd4 Qa5+ 11.Qd2 Qxd2+ 12.Bxd2 e6 13.O-O b6 14.Rfc1 Bb7 15.Bb4 Rd8
16.Bb5 Na6 17.Be7 Rdc8 18.d5 exd5 19.exd5 Bf8 20.d6 Rxc1+ 21.Rxc1 Nc5 22.Ne5 Bc8
23.Bc6 Rb8 24.Bd5 Be6 25.Bxe6 fxe6 26.Bxf8 Kxf8 27.Rxc5 bxc5 28.Nd7+ Ke8
29.Nxb8 Kd8 30.Kf1 Kc8 31.d7+ Kc7 32.Ke2 c4 33.Kd2  1-0

[Event "Nord Cup 1st"]
[Site "Duesseldorf"]
[Date "1995.??.??"]
[Round "6"]
[White "Jajonek, Roland"]
[Black "Eckert, Frank"]
[Result "1/2-1/2"]
[WhiteElo "2105"]
[BlackElo "1950"]

1.d4 Nf6 2.c4 g6 3.Nc3 d5 4.cxd5 Nxd5 5.e4 Nxc3 6.bxc3 Bg7 7.Nf3 c5 8.Rb1 cxd4
9.cxd4 Qa5+ 10.Bd2 Qxa2 11.Bb5+ Bd7 12.Qc1 O-O 13.Bxd7 Nxd7 14.Rxb7 Rfc8
15.Qb1 Qxb1+  1/2-1/2

[Event "Nord Cup 1st"]
[Site "Duesseldorf"]
[Date "1995.??.??"]
[Round "7"]
[White "Kistella, Roman"]
[Black "Hoffmann, Ulrich"]
[Result "1-0"]
[WhiteElo "2280"]
[BlackElo "2060"]

1.d4 Nf6 2.c4 g6 3.Nc3 d5 4.cxd5 Nxd5 5.e4 Nxc3 6.bxc3 Bg7 7.Nf3 c5 8.Rb1 O-O
9.Be2 b6 10.O-O cxd4 11.cxd4 Bb7 12.Qd3 e6 13.Bg5 Qd6 14.Qe3 Nc6 15.Rbd1 Rfe8
16.Bh6 Bh8 17.h4 Rad8 18.e5 Qd5 19.Bg5 Ne7 20.Qa3 Rd7 21.Qxa7 Qa5 22.Qxa5 bxa5
23.Be3 Rc8 24.Rc1 Rdc7 25.Rxc7 Rxc7 26.Rc1 Rxc1+ 27.Bxc1 Nf5 28.Bb2 f6 29.g3 Bd5
30.a4 Ne7 31.Nd2 Nc6 32.f4 Bg7 33.Nc4 Bf8 34.Nb6 fxe5 35.Nxd5 exd5 36.fxe5 Bb4
37.Bf3 Ne7 38.Kf2 Kf7 39.Ke2 h5 40.g4 hxg4 41.Bxg4 Nc6 42.Bd7 Nd8 43.Bc1 Ke7
44.Bg4 Nc6 45.Bg5+ Ke8 46.Kd3 Be1 47.h5 gxh5 48.Bxh5+ Kf8 49.Bf3 Nb4+ 50.Ke2 Bg3
51.Bd8 Nc6 52.Bb6  1-0

[Event "Eger Cup"]
[Site "Eger"]
[Date "1995.??.??"]
[Round "?"]
[White "Zimmerman, Yuri"]
[Black "Hevesi, Zoltan"]
[Result "1-0"]
[WhiteElo "2335"]
[BlackElo "2200"]

1.d4 Nf6 2.c4 g6 3.Nc3 d5 4.cxd5 Nxd5 5.e4 Nxc3 6.bxc3 Bg7 7.Nf3 c5 8.Rb1 O-O
9.Be2 cxd4 10.cxd4 b6 11.h4 Bb7 12.d5 e6 13.Be3 Bc3+ 14.Kf1 Re8 15.Bb5 Ba6
16.Bxa6 Nxa6 17.Qd3 Rc8 18.Qxa6 exd5 19.Rd1 Rxe4 20.g3 Qe8 21.Qd3 Ra4 22.Bc1 Rxa2
23.Kg2 Bf6 24.Qxd5 Rac2 25.Bg5 Qe2 26.Rhf1 Rd8 27.Bxf6 Rxd5 28.Rxd5 Rc8 29.Rfd1 Qe8
30.Rd8  1-0

[Event "Eger Cup"]
[Site "Eger"]
[Date "1995.??.??"]
[Round "?"]
[White "Pap, Janos"]
[Black "Hevesi, Zoltan"]
[Result "1/2-1/2"]
[WhiteElo "2140"]
[BlackElo "2200"]

1.d4 Nf6 2.c4 g6 3.Nc3 d5 4.cxd5 Nxd5 5.e4 Nxc3 6.bxc3 Bg7 7.Nf3 c5 8.Rb1 O-O
9.Be2 Nc6 10.d5 Ne5 11.Nxe5 Bxe5 12.Qd2 Qa5 13.Rb3 Bd7 14.c4 Qxd2+ 15.Bxd2 Rfb8
16.Be3 Bd6 17.Kd2 f5 18.exf5 gxf5 19.f4 b6 20.g4 fxg4 21.Bxg4 Bxg4 22.Rg1 h5
23.h3 Kf7 24.hxg4 hxg4 25.Rxg4 Rg8 26.Rxg8 Rxg8 27.Kd3 Rg2 28.a3 Ra2 29.Rc3 Kf6
30.Ke4 Rb2  1/2-1/2

[Event "Eger op"]
[Site "Eger"]
[Date "1995.??.??"]
[Round "?"]
[White "Kerek, Csaba"]
[Black "Feher, Gyula"]
[Result "0-1"]
[WhiteElo "2085"]
[BlackElo "2420"]

1.d4 Nf6 2.c4 g6 3.Nc3 d5 4.cxd5 Nxd5 5.e4 Nxc3 6.bxc3 Bg7 7.Bb5+ Bd7 8.Rb1 c5
9.Ne2 O-O 10.O-O Nc6 11.Be3 cxd4 12.cxd4 e6 13.Qd3 a6 14.Bxc6 Bxc6 15.Rfd1 Qe7
16.d5 exd5 17.exd5 Bb5 18.Qd2 Rac8 19.Nd4 Bc4 20.d6 Qxd6 21.Rxb7 Qa3 22.Bh6 Qxa2
23.Qf4 Bxh6 24.Qxh6 Rfd8 25.h4 Rxd4  0-1

[Event "HUN-ch (Women) B+"]
[Site "Eger"]
[Date "1995.??.??"]
[Round "2"]
[White "Csonkics, Tunde"]
[Black "Veroci, Zsuzsa"]
[Result "1/2-1/2"]
[WhiteElo "2280"]
[BlackElo "2305"]

1.d4 Nf6 2.c4 g6 3.Nc3 d5 4.cxd5 Nxd5 5.e4 Nxc3 6.bxc3 Bg7 7.Bc4 O-O 8.Ne2 Nc6
9.O-O b6 10.Bg5 Bb7 11.Qd2 Qd7 12.Bh6 Na5 13.Bd3 c5 14.d5  1/2-1/2

[Event "RUS-ch"]
[Site "Elista"]
[Date "1995.??.??"]
[Round "1"]
[White "Ivanov, Sergey"]
[Black "Daniliuk, Sergey"]
[Result "1/2-1/2"]
[WhiteElo "2545"]
[BlackElo "2390"]

1.d4 Nf6 2.c4 g6 3.Nc3 d5 4.cxd5 Nxd5 5.e4 Nxc3 6.bxc3 Bg7 7.Nf3 c5 8.Rb1 O-O
9.Be2 cxd4 10.cxd4 Qa5+ 11.Bd2 Qxa2 12.O-O Nd7 13.Bb4 Nb6 14.Ne5 f6 15.Nc4 Nxc4
16.Ra1 Nb2 17.Rxa2 Nxd1 18.Bc4+ Kh8 19.Rxd1 Rd8 20.Bxe7 Re8 21.Bc5 Rxe4 22.Rxa7 Rxa7
23.Bxa7 Bf8 24.g3 Bd6 25.Kg2 Kg7 26.Bd5 Re7 27.Bb6 Be6 28.Bf3 h5 29.Rb1 Bg4
30.Bd5 Rd7 31.Be4 f5 32.Bd5 f4 33.f3 Bf5 34.Be4 Re7 35.Re1 Re8 36.d5 fxg3
37.hxg3 Kf7 38.Re2 g5 39.Kf2 Bd7 40.Rc2 Rc8 41.Ra2 Rc3 42.Ra8 Rb3 43.Bd4 Rb4
44.Bc3 Rb3 45.Bd4 Rb4 46.Be3 Rb2+ 47.Kg1 Bxg3 48.Rh8 Bh3 49.Rh7+ Kg8 50.Bd4 Rg2+
51.Kh1 Rh2+ 52.Kg1 Rd2 53.Rh8+ Kf7 54.Rh7+ Kg8 55.Rh8+ Kf7 56.Rh7+ Kg8  1/2-1/2

[Event "RUS-ch"]
[Site "Elista"]
[Date "1995.??.??"]
[Round "9"]
[White "Sherbakov, Ruslan"]
[Black "Daniliuk, Sergey"]
[Result "1-0"]
[WhiteElo "2520"]
[BlackElo "2390"]

1.d4 Nf6 2.c4 g6 3.Nc3 d5 4.cxd5 Nxd5 5.e4 Nxc3 6.bxc3 Bg7 7.Nf3 c5 8.Rb1 O-O
9.Be2 cxd4 10.cxd4 Qa5+ 11.Bd2 Qxa2 12.O-O Nd7 13.Bb4 Nb6 14.Ra1 Qe6 15.Qb1 Bd7
16.Ra5 Bc6 17.Bd3 Qd7 18.d5 Ba4 19.Bc5 Rfc8 20.Qb4 e6 21.Bd4 exd5 22.Bxg7 Kxg7
23.Qd4+ f6 24.e5 Qe7 25.Re1 Be8 26.h4 Bf7 27.h5 gxh5 28.Nh4 Kh8 29.Nf5 Qe6
30.Nd6 Rc7 31.Raa1 fxe5 32.Rxe5 Qf6 33.Re8+ Kg7 34.Nf5+ Kg6 35.Nh4+ Kg7 36.Nf5+ Kg6
37.Rxa8 Nxa8 38.Nh4+ Kg7 39.Nf5+ Kg6 40.Qxa7 Rc3 41.Rd1 Nc7 42.Qa5 b6 43.Qb4 Rxd3
44.Rxd3 Qa1+ 45.Kh2 Qe5+ 46.f4 Qxf5 47.Rg3+ Kf6 48.Qc3+ d4 49.Qxc7 Qd5  1-0

[Event "RUS-ch"]
[Site "Elista"]
[Date "1995.??.??"]
[Round "11"]
[White "Ivanov, Sergey"]
[Black "Dvoirys, Semen I"]
[Result "1/2-1/2"]
[WhiteElo "2545"]
[BlackElo "2580"]

1.d4 Nf6 2.c4 g6 3.Nc3 d5 4.cxd5 Nxd5 5.e4 Nxc3 6.bxc3 Bg7 7.Nf3 c5 8.Rb1 O-O
9.Be2 b6 10.O-O Bb7 11.Qd3 e6 12.Bg5 Qc7 13.Qe3 Rc8 14.Rfd1 cxd4 15.cxd4 Nd7
16.d5 exd5 17.exd5 Qc5 18.d6 Qxe3 19.Bxe3 Rc2 20.Bd3 Rc3 21.Bb5 Rd8 22.Rbc1 Nc5
23.Bxc5 bxc5 24.d7 a6 25.Ba4 Rxc1 26.Rxc1 Bd5 27.Ng5 c4 28.Re1 Bf6 29.Ne4 Be7
30.Nc5 Kf8 31.Rd1 Ba8 32.Nxa6 c3 33.f3 Bb7 34.Nc7 Bc5+ 35.Kf1 Bb6 36.Nd5 Ba6+
37.Ke1 Ba5 38.Rc1 Bc4 39.Nxc3 Bxa2 40.Ke2 Be6 41.Ne4 Bxd7  1/2-1/2

[Event "RUS-ch"]
[Site "Elista"]
[Date "1995.??.??"]
[Round "11"]
[White "Solozhenkin, Evgeniy"]
[Black "Daniliuk, Sergey"]
[Result "1/2-1/2"]
[WhiteElo "2515"]
[BlackElo "2390"]

1.d4 Nf6 2.c4 g6 3.Nc3 d5 4.cxd5 Nxd5 5.e4 Nxc3 6.bxc3 Bg7 7.Nf3 c5 8.Rb1 O-O
9.Be2 cxd4 10.cxd4 Qa5+ 11.Bd2 Qxa2 12.O-O Bg4 13.Bg5 h6 14.Be3 Nc6 15.d5 Ne5
16.Rxb7 e6 17.d6 Rfd8 18.Re1 Bxf3 19.gxf3 Qa3 20.f4 Rxd6 21.Qc2 Rc6 22.Qd2 Rd6
23.Rb3 Qxb3 24.Qxd6 Nc4 25.Qc6 Nxe3 26.Qxa8+ Kh7 27.Qxa7 Qc3 28.Rb1 Qc2 29.Qxe3  1/2-1/2

[Event "RUS-ch"]
[Site "Elista"]
[Date "1995.??.??"]
[Round "11"]
[White "Yakovich, Yuri"]
[Black "Yandemirov, Valeri"]
[Result "0-1"]
[WhiteElo "2560"]
[BlackElo "2460"]

1.d4 Nf6 2.c4 g6 3.Nc3 d5 4.cxd5 Nxd5 5.e4 Nxc3 6.bxc3 Bg7 7.Bb5+ Nc6 8.Nf3 O-O
9.O-O Na5 10.Bg5 c6 11.Bd3 Be6 12.Qe2 b5 13.Nd2 a6 14.a4 Qc7 15.Ra3 c5 16.axb5 cxd4
17.cxd4 Bxd4 18.bxa6 Rfd8 19.Nf3 Bc5 20.Rc1 Nb3 21.Rxb3 Bxb3 22.Bb5 Qb6 23.h3 Bd1
24.Rxd1 Rxd1+ 25.Qxd1 Qxb5 26.Qd5 Rc8 27.Ne5 e6 28.Qb7 Bxf2+ 29.Kxf2 Rc2+
30.Kf3 Qxe5 31.a7 Qxg5 32.a8=Q+ Kg7 33.Qa1+ e5  0-1

[Event "Enghien les Bains"]
[Site "Enghien les Bains"]
[Date "1995.??.??"]
[Round "3"]
[White "Srokowski, Jaroslav"]
[Black "Carbonnel, Pierre"]
[Result "1-0"]
[WhiteElo "2435"]
[BlackElo "2230"]

1.d4 Nf6 2.c4 g6 3.Nc3 d5 4.cxd5 Nxd5 5.e4 Nxc3 6.bxc3 Bg7 7.Qa4+ Nd7 8.Nf3 O-O
9.Bg5 c5 10.Rc1 a6 11.Qa3 Qc7 12.Bd3 Re8 13.O-O b5 14.Bxb5 Bb7 15.Bd3 c4
16.Bc2 e5 17.Be7 exd4 18.cxd4 Ne5 19.Bd6 Nxf3+ 20.gxf3 Qd8 21.d5 Qh4 22.Bg3 Qh3
23.Ba4 Rf8 24.Rxc4 f5 25.Rc7 f4 26.Bd7 Qh5 27.Bg4 Qg5 28.Rxb7 fxg3 29.hxg3 Rae8
30.Kg2 h5 31.Be6+ Kh8 32.Rc1 Be5 33.Qe3  1-0

[Event "FIN-ch"]
[Site "FIN"]
[Date "1995.??.??"]
[Round "?"]
[White "Kekki, Petri"]
[Black "Rytshagov, Mikhail"]
[Result "1/2-1/2"]
[WhiteElo "2330"]
[BlackElo "2485"]

1.d4 Nf6 2.c4 g6 3.Nc3 d5 4.cxd5 Nxd5 5.e4 Nxc3 6.bxc3 Bg7 7.Nf3 c5 8.Be3 Qa5
9.Qd2 Nc6 10.Rc1 cxd4 11.cxd4 Qxd2+ 12.Kxd2 O-O 13.Bb5 Rd8 14.Bxc6 bxc6 15.Rc5 f5
16.exf5 Bxf5 17.Ne5 Be4 18.f3 Bd5 19.Nxc6 Bxc6 20.Rxc6 Bxd4  1/2-1/2

[Event "Foment op"]
[Site "Foment"]
[Date "1995.??.??"]
[Round "7"]
[White "Comas Fabrego, Luis"]
[Black "Vidarte Morales, Arturo"]
[Result "1/2-1/2"]
[WhiteElo "2490"]
[BlackElo "2350"]

1.d4 Nf6 2.c4 g6 3.Nc3 d5 4.cxd5 Nxd5 5.e4 Nxc3 6.bxc3 Bg7 7.Nf3 c5 8.Rb1 O-O
9.Be2 b6 10.O-O Bb7 11.Qd3 Ba6 12.Qe3 Qd7 13.dxc5 Bxe2 14.Qxe2 bxc5 15.Qc4 Qc7
16.Qd5 Nc6 17.Qxc5 Rfc8 18.Be3 Ne5 19.Qxc7 Rxc7 20.Nxe5 Bxe5 21.Rfc1 Rac8
22.g3 Bxc3 23.Kf1 f6 24.Rc2 Ba5 25.Rxc7 Rxc7 26.Rb5 Bb6 27.Bxb6 axb6 28.Rxb6 Rc4
29.e5 fxe5 30.Ra6 Rc2 31.a4 Kf7 32.a5 Ra2 33.Ra8 e4 34.h3 Ke6 35.a6 Ke5 36.Ra7 e6
37.Rxh7 Rxa6 38.Rb7 e3  1/2-1/2

[Event "Frydek-Mistek op-B"]
[Site "Frydek-Mistek"]
[Date "1995.??.??"]
[Round "?"]
[White "Chmelik, Jiri"]
[Black "Hlavac"]
[Result "1/2-1/2"]
[WhiteElo "2155"]
[BlackElo "2140"]

1.d4 Nf6 2.c4 g6 3.Nc3 d5 4.cxd5 Nxd5 5.e4 Nxc3 6.bxc3 Bg7 7.Bc4 O-O 8.Ne2 c5
9.O-O Nc6 10.Be3 Qc7 11.Rc1 Rd8 12.Qd2 Qa5 13.Rfd1 Bd7 14.d5 Ne5 15.Bd3 Ba4
16.c4 Qxd2 17.Rxd2 Nxd3  1/2-1/2

[Event "Arnold Cup"]
[Site "Gausdal"]
[Date "1995.??.??"]
[Round "2"]
[White "Sadler, Matthew"]
[Black "Elsness, Frode"]
[Result "1-0"]
[WhiteElo "2575"]
[BlackElo "2250"]

1.d4 Nf6 2.c4 g6 3.Nc3 d5 4.cxd5 Nxd5 5.e4 Nxc3 6.bxc3 Bg7 7.Nf3 c5 8.Rb1 O-O
9.Be2 cxd4 10.cxd4 Qa5+ 11.Bd2 Qxa2 12.O-O Rd8 13.Qc1 Qe6 14.Bc4 Qg4 15.h3 Qd7
16.Ng5 Rf8 17.d5 b6 18.Qa3 h6 19.Nf3 Qd8 20.e5 Nd7 21.Rfe1 Nc5 22.Rbd1 Bb7
23.Bf4 Rc8 24.Rd4 a6 25.Qe3 h5 26.g4 b5 27.Ba2 Qa5 28.Bb1 hxg4 29.hxg4 Rfd8
30.e6 fxe6 31.Ne5 Rxd5 32.Rxd5 Bxd5 33.Nxg6 Re8 34.Be5 Nd7 35.Bxg7 Kxg7 36.Rc1 Nf6
37.Qg5 Nh7 38.Qe5+ Kf7 39.Nh8+ Kg8 40.Bxh7+ Kxh7 41.Qh5+ Kg7 42.Qxe8 Qb4
43.Qg6+  1-0

[Event "Gausdal Int"]
[Site "Gausdal"]
[Date "1995.??.??"]
[Round "5"]
[White "Petursson, Margeir"]
[Black "Shabtai, Ran"]
[Result "1/2-1/2"]
[WhiteElo "2535"]
[BlackElo "2330"]

1.d4 Nf6 2.c4 g6 3.Nc3 d5 4.cxd5 Nxd5 5.e4 Nxc3 6.bxc3 Bg7 7.Nf3 c5 8.Rb1 O-O
9.Be2 Nc6 10.d5 Ne5 11.Nxe5 Bxe5 12.Qd2 b6 13.f4 Bg7 14.O-O e6 15.c4 Bd4+
16.Kh1 e5 17.Bb2 f6 18.Bxd4 cxd4 19.Qb4 Qc7 20.fxe5 Qxe5 21.c5 bxc5 22.Qxc5 Bd7
23.Rbd1 Rfc8 24.Qxd4 Rc2 25.Bc4 Qxd4 26.Rxd4 Rc8 27.Bb3 Re2 28.Rb4 a5 29.Rb7 Rd8
30.d6+ Kh8 31.Bd5 f5 32.exf5 gxf5 33.Ra7 Re5 34.Ra8 Rxa8 35.Bxa8 Re6 36.Rd1 Ba4
37.d7 Bxd7 38.h3 Re7 39.Rd5 a4 40.Ra5 Kg7 41.Kg1 Kf6 42.Kf2 Re6 43.Bd5 Re5
44.Ra6+ Kg5 45.Bg8 Rc5  1/2-1/2

[Event "Gausdal Int"]
[Site "Gausdal"]
[Date "1995.??.??"]
[Round "8"]
[White "Wikstrom, Per"]
[Black "Elsness, Frode"]
[Result "0-1"]
[WhiteElo "2080"]
[BlackElo "2250"]

1.d4 Nf6 2.c4 g6 3.Nc3 d5 4.cxd5 Nxd5 5.e4 Nxc3 6.bxc3 Bg7 7.Be3 c5 8.Bc4 O-O
9.Ne2 Nc6 10.O-O Qc7 11.Rc1 Rd8 12.Qa4 a6 13.Qa3 b5 14.Bd5 c4 15.Qc5 Bb7
16.Bxc6 Qxc6 17.d5 Qxc5 18.Bxc5 e6 19.dxe6 fxe6 20.Nd4 Kf7 21.Rfe1 Bh6 22.Rc2 e5
23.Nf3 Kf6 24.h3 Rd3 25.a4 Bc6 26.a5 Rad8 27.Bb6 R8d7 28.Kh2 Bf4+ 29.Kg1 Rd1
30.Re2 Rxe1+ 31.Nxe1 Bd2 32.Rxd2 Rxd2 33.f3 Rd1 34.Kf2 Rc1 35.Bc7 Rxc3 36.f4 exf4
37.e5+ Ke6 38.Ke2 Be4 39.Kd2 Rb3  0-1

[Event "Oberliga Nord W9596"]
[Site "Germany"]
[Date "1995.??.??"]
[Round "?"]
[White "Joachim, Sven"]
[Black "Brettschneider, Stefan"]
[Result "1-0"]
[WhiteElo "2380"]
[BlackElo "2220"]

1.c4 g6 2.d4 Nf6 3.Nc3 d5 4.cxd5 Nxd5 5.e4 Nxc3 6.bxc3 Bg7 7.Nf3 c5 8.Rb1 O-O
9.Be2 cxd4 10.cxd4 Qa5+ 11.Bd2 Qxa2 12.O-O b6 13.Qc1 Bb7 14.Bc4 Qa4 15.Bb5 Qa2
16.Bc4 Qa4 17.Bb5 Qa2 18.Re1 Rc8 19.Qd1 Qc2 20.Qe2 Qc7 21.Rbc1 Qd8 22.Rxc8 Qxc8
23.Rc1 Qd8 24.Bf4 a6 25.Ba4 e6 26.d5 exd5 27.exd5 Nd7 28.Bc7 Qc8 29.d6 b5
30.Bb3 Qe8 31.Qd2 Bxf3 32.gxf3 Qf8 33.Bd5 Be5 34.Bxa8 Qxa8 35.f4 Bf6 36.Ba5 Qf3
37.Qe3 Qg4+ 38.Kf1 Kg7 39.Bc3 Bxc3 40.Qxc3+ Kh6 41.Re1  1-0

[Event "BL2-N9495"]
[Site "Germany"]
[Date "1995.??.??"]
[Round "?"]
[White "Paulsen, Dirk"]
[Black "Giemsa, Stephan"]
[Result "1-0"]
[WhiteElo "2330"]
[BlackElo "2295"]

1.d4 Nf6 2.c4 g6 3.Nc3 d5 4.cxd5 Nxd5 5.e4 Nxc3 6.bxc3 Bg7 7.Nf3 c5 8.Rb1 O-O
9.Be2 b6 10.Qc2 e6 11.Bf4 Nc6 12.Rd1 cxd4 13.cxd4 Bb7 14.O-O Rc8 15.Qa4 Qe7
16.Rfe1 Qb4 17.Bb5 Qxa4 18.Bxa4 Nxd4 19.Nxd4 Rc4 20.Nxe6 fxe6 21.Bb3 Rxe4
22.Rxe4 Bxe4 23.Bxe6+ Kh8 24.Be3 Bc6 25.h4 Bf6 26.Bb3 Kg7 27.Rc1 Be8 28.Rc7+ Bf7
29.Rxa7 Bxh4 30.Bxb6 Kg8 31.Rxf7  1-0

[Event "BL9495 (Women)"]
[Site "Germany"]
[Date "1995.??.??"]
[Round "202"]
[White "Tsiganova, Monika"]
[Black "Richtrova, Eliska"]
[Result "1/2-1/2"]
[WhiteElo "2260"]
[BlackElo "2370"]

1.d4 Nf6 2.c4 g6 3.Nc3 d5 4.cxd5 Nxd5 5.e4 Nxc3 6.bxc3 Bg7 7.Bb5+ c6 8.Ba4 O-O
9.Nf3 Qa5 10.O-O Qxc3 11.Bg5 Bg4 12.Bxe7 Re8 13.Bc5 Nd7 14.Rc1 Qa5 15.Bb3 Nxc5
16.Rxc5 Qd8 17.h3 Bxf3 18.Qxf3 Qe7 19.e5 Rad8 20.Rd1 Rf8  1/2-1/2

[Event "BL9495 (Women)"]
[Site "Germany"]
[Date "1995.??.??"]
[Round "203"]
[White "Bielicki, Birke"]
[Black "Bakalarz, Grazyna"]
[Result "1-0"]
[WhiteElo "2125"]
[BlackElo "2095"]

1.d4 Nf6 2.c4 g6 3.Nc3 d5 4.cxd5 Nxd5 5.e4 Nxc3 6.bxc3 Bg7 7.Nf3 c5 8.Rb1 O-O
9.Be2 cxd4 10.cxd4 Qa5+ 11.Bd2 Qxa2 12.O-O Qe6 13.e5 Qd7 14.Bf4 e6 15.Qd2 a6
16.Bh6 b5 17.h4 Bb7 18.Bxg7 Kxg7 19.h5 Bxf3 20.Bxf3 Ra7 21.Qf4 Qe7 22.d5 g5
23.Qd4 exd5 24.Bxd5 Kh6 25.f4 Rd7 26.fxg5+ Qxg5 27.Rf6+ Kg7 28.h6+ Kh8 29.Rbf1 Rg8
30.Rd6 Rc7 31.e6+ f6 32.e7 Rc2 33.Qxf6+ Qxf6 34.Rdxf6 Nd7 35.Bxg8  1-0

[Event "BL2-N9495"]
[Site "Germany"]
[Date "1995.??.??"]
[Round "?"]
[White "Vogel, Robert"]
[Black "Schirm, Friedmar"]
[Result "1-0"]
[WhiteElo "2300"]
[BlackElo "2280"]

1.d4 Nf6 2.c4 g6 3.Nc3 d5 4.cxd5 Nxd5 5.e4 Nxc3 6.bxc3 Bg7 7.Bc4 c5 8.Ne2 O-O
9.O-O Nc6 10.Be3 Bg4 11.f3 Na5 12.Bd3 cxd4 13.cxd4 Be6 14.Qa4 a6 15.d5 b5
16.Qb4 Bxa1 17.Rxa1 f6 18.Rd1 Bf7 19.a4 Nc4 20.Bc5 a5 21.Qxb5 Nd6 22.Qb2 Qc7
23.Rc1 Rab8 24.Qa3 Rfc8 25.Ba6 Re8 26.Nd4 Ra8 27.Bf1 Nb7 28.Nb5 Qd7 29.Bb6 Rac8
30.Nc7 Rf8 31.Ba6 Rb8 32.Ba7 Rbc8 33.Qc3 Nd6 34.Bxc8 Rxc8 35.Qxa5 f5 36.e5 Nb7
37.Qb6 Bxd5 38.a5 Nd8 39.Bb8 Ba8 40.a6 Qd2 41.Rf1 Nc6 42.Nxa8 Nd4 43.Nc7 Rd8
44.Ne6 Ne2+ 45.Kh1 Rc8 46.Bc7 Qd3 47.Rb1 Nc3 48.Rg1 Qd7 49.Rc1 Qd2 50.Rf1 Qe2
51.Ra1 Nd1 52.h3 Nf2+ 53.Kh2 Nd3 54.Nd4 Qe3 55.Qe6+ Kg7 56.Qxe7+  1-0

[Event "BL2-O9495"]
[Site "Germany"]
[Date "1995.??.??"]
[Round "?"]
[White "Alber, Horst"]
[Black "Jansa, Vlastimil"]
[Result "0-1"]
[WhiteElo "2290"]
[BlackElo "2500"]

1.d4 Nf6 2.c4 g6 3.Nc3 d5 4.cxd5 Nxd5 5.e4 Nxc3 6.bxc3 Bg7 7.Nf3 c5 8.Rb1 O-O
9.Be2 Nc6 10.d5 Ne5 11.Nxe5 Bxe5 12.O-O Bxc3 13.f4 Bd4+ 14.Kh1 b6 15.f5 Qd6
16.Rb3 Bd7 17.Rh3 Qe5 18.Bd3 b5 19.Qe1 Qh8 20.Rf4 c4 21.Bc2 Bf6 22.Rg4 h5
23.Rgg3 Be5 24.Rg5 Qf6 25.Qh4 Qg7 26.g4 Bf6 27.gxh5 Bxg5 28.Qxg5 f6 29.Qg2 g5
30.Rg3 Qh7 31.e5 Bxf5 32.Bxf5 Qxf5 33.Bxg5 Kh7 34.exf6 Qb1+  0-1

[Event "BL2-O9495"]
[Site "Germany"]
[Date "1995.??.??"]
[Round "?"]
[White "Bewersdorff, Oliver"]
[Black "Pribyl, Josef"]
[Result "1/2-1/2"]
[WhiteElo "2300"]
[BlackElo "2420"]

1.d4 Nf6 2.c4 g6 3.Nc3 d5 4.cxd5 Nxd5 5.e4 Nxc3 6.bxc3 Bg7 7.Nf3 c5 8.Rb1 O-O
9.Be2 Nc6 10.d5 Ne5 11.Nxe5 Bxe5 12.Qd2 b6 13.f4 Bg7 14.O-O e6 15.dxe6 fxe6
16.Qe3 Qe7 17.Bc4 Kh8 18.Bd2 Bb7 19.Rbe1 Rad8 20.Re2 Bc6 21.Be1 b5  1/2-1/2

[Event "BL2-O9495"]
[Site "Germany"]
[Date "1995.??.??"]
[Round "?"]
[White "Cordes, Hans Joerg"]
[Black "Pribyl, Martin"]
[Result "0-1"]
[WhiteElo "2320"]
[BlackElo "2360"]

1.d4 Nf6 2.c4 g6 3.Nc3 d5 4.cxd5 Nxd5 5.e4 Nxc3 6.bxc3 Bg7 7.Bb5+ Bd7 8.Be2 c5
9.Nf3 Nc6 10.Rb1 O-O 11.Rxb7 cxd4 12.cxd4 Bc8 13.Rb5 Nxd4 14.Nxd4 Qxd4 15.Qc2 Qc3+
16.Qxc3 Bxc3+ 17.Bd2 Bd4 18.Bb4 Rd8 19.e5 a6 20.Bf3 axb5 21.Bxa8 Bg4 22.Bf3 Bxf3
23.gxf3 Bxe5 24.O-O e6 25.Rc1 Bd4 26.Rc7 Kg7 27.Bc3 e5 28.Bxd4 exd4 29.Kf1 d3
30.Ke1 Re8+  0-1

[Event "BL2-O9495"]
[Site "Germany"]
[Date "1995.??.??"]
[Round "?"]
[White "Kunze, Carlo"]
[Black "Konopka, Michal"]
[Result "1/2-1/2"]
[WhiteElo "2335"]
[BlackElo "2455"]

1.d4 Nf6 2.c4 g6 3.Nc3 d5 4.cxd5 Nxd5 5.e4 Nxc3 6.bxc3 Bg7 7.Nf3 c5 8.Rb1 Qa5
9.Bb5+ Nd7 10.O-O O-O 11.Bg5 cxd4 12.cxd4 Nf6 13.Qd3 a6 14.Bc4 b5 15.Bb3 e6
16.Ne5 h6 17.Bh4 g5 18.Bg3 Bb7 19.f3 Rfd8 20.Qe3 Nh5 21.Bf2 Nf4 22.Rfd1 Rac8
23.h4 Qc3  1/2-1/2

[Event "BL2-O9495"]
[Site "Germany"]
[Date "1995.??.??"]
[Round "?"]
[White "Matthey, Harald"]
[Black "Kyas, Juergen"]
[Result "1/2-1/2"]
[WhiteElo "2340"]
[BlackElo "2265"]

1.d4 Nf6 2.c4 g6 3.Nc3 d5 4.cxd5 Nxd5 5.e4 Nxc3 6.bxc3 Bg7 7.Nf3 c5 8.Rb1 O-O
9.Be2 cxd4 10.cxd4 Qa5+ 11.Bd2 Qxa2 12.O-O Bg4 13.Bg5 h6 14.Be3 Nc6 15.Rxb7 Rfd8
16.d5 e6 17.h3 Bxf3 18.Bxf3 Ne5  1/2-1/2

[Event "NRW-Liga I 9495"]
[Site "Germany"]
[Date "1995.??.??"]
[Round "?"]
[White "Ziegler, Ari"]
[Black "Stillger, Bernhard"]
[Result "1-0"]
[WhiteElo "2315"]
[BlackElo "2340"]

1.d4 Nf6 2.c4 g6 3.Nc3 d5 4.cxd5 Nxd5 5.e4 Nxc3 6.bxc3 Bg7 7.Nf3 c5 8.Rb1 O-O
9.Be2 Nc6 10.d5 Ne5 11.Nxe5 Bxe5 12.Qd2 e6 13.f4 Bg7 14.c4 exd5 15.cxd5 Bd4
16.Bb2 Qb6 17.Bd3 c4 18.Bxd4 Qxd4 19.Bc2 Qc5 20.h3 b5 21.Qf2 Qxf2+ 22.Kxf2 Rb8
23.g4 g5 24.fxg5 a5 25.Rhd1 b4 26.Rd4 Ba6 27.Ke3 Rfc8 28.d6 Rc5 29.h4 Bb5
30.Rd5 Rxd5 31.exd5 c3 32.Kd4 Bd7 33.a3 Bxg4 34.axb4 axb4 35.Kc5 Bf3 36.Rxb4 Rxb4
37.Kxb4 Kf8 38.Kxc3 Bxd5 39.Kd4 Be6 40.Bxh7 Bd7 41.Ke5  1-0

[Event "NRW-Liga I 9495"]
[Site "Germany"]
[Date "1995.??.??"]
[Round "?"]
[White "Werbeck, Torsten"]
[Black "Gupta, Milon"]
[Result "1/2-1/2"]
[WhiteElo "2275"]
[BlackElo "2250"]

1.d4 Nf6 2.c4 g6 3.Nc3 d5 4.cxd5 Nxd5 5.e4 Nxc3 6.bxc3 Bg7 7.Rb1 O-O 8.Nf3 c5
9.Be2 Nc6 10.d5 Ne5 11.Nxe5 Bxe5 12.Qd2 b6 13.O-O Bg7 14.Bb2 e5 15.c4 Qd6
16.f4 exf4 17.Bxg7 Kxg7 18.Rxf4 f6 19.Rf2 Bd7 20.Bd3 Qe5 21.Qb2 Qxb2 22.Rfxb2 Kf7
23.Re2 Ke7 24.a4 Bxa4 25.e5 fxe5 26.Rxe5+ Kf6 27.Re6+ Kf7 28.h4 Bd7 29.Re2 Rfe8
30.Rf2+ Kg7 31.Ra2 Re3 32.Bf1 Ree8 33.Ra6  1/2-1/2